Podróż po świecie - quiz geopolityczny #2 - Statystyki

Ogólne statystyki
  • Ten quiz został rozwiązany 167 razy
  • Średni wynik to 16 z 24
Statystyki odpowiedzi
Kierunek Państwo % Poprawnych
północny-wschód Niemcy
99%
północ Dania
98%
północny-wschód Finlandia
96%
północ Szwecja
96%
południe Estonia
95%
południe Łotwa
95%
północny-wschód Białoruś
86%
południe Ukraina
86%
południe Turcja
79%
północny-wschód Gruzja
76%
południowy-zachód Azerbejdżan
70%
południe Iran
69%
zachód Irak
68%
południe Arabia Saudyjska
67%
południowy-zachód Jemen
65%
zachód Dżibuti
50%
południe Somalia
50%
południowy-zachód Kenia
48%
północny-zachód Sudan Południowy
40%
południowy-zachód Demokratyczna Republika Konga
39%
północ Czad
36%
północ Libia
36%
północ Republika Środkowoafrykańska
36%
północny-wschód Grecja
27%
Nie znaleziono quizów pasujących do podanych kryteriów
Rozkład punktacji
Procent ludzi z każdym wynikiem
Percentyl według liczby udzielonych odpowiedzi
Twoja historia wyników
Nie rozwiązałeś tego quizu